Кримінально-правова характеристика підроблення документів, печаток, штампів та бланків, їх збуту та використання (Запис № 459370)

МАРК-запис
000 -Лідер
fixed length control field 03487nam a22002657a 4500
001 - Контрольний номер
control field 216218508
003 - Ідентифікатор контрольного номера
control field UA-OsUOA
005 - Дата та час останнього входження (трансакції)
control field 20201121215920.0
008 - Елементи даних фіксованої довжини – загальна інформація
fixed length control field 200530b un ||||| m||| 00| 0 ukr d
040 ## - Джерело каталогізації
Агенція оригінальної каталогізації UA-OsUOA
Мова каталогізації ukr
Агенція, яка здійснювала перезапис UA-OsUOA
Агенція, яка здійснювала модифікацію UA-OsUOA
041 ## - Код мови
Код мови тексту/ звукової доріжки чи окремого заголовка (П) ukr
080 ## - Індекс Універсальної десяткової класифікації
Індекс Універсальної десяткової класифікації (УДК) (НП) 343.982.4
090 ## - Локальний шифр розміщення
Класифікаційний індекс УДК 343.982.4
095 ## - Код спеціальності для авторефератів
Код спеціальності 12.00.08
Назва спеціальності кримінальне право та кримінологія; кримінальновиконавче право
100 ## - Основне введення – ім’я особи
Ім’я особи (НП) Тімошенко Н. О.
245 ## - Відомості про назву
Назва (НП) Кримінально-правова характеристика підроблення документів, печаток, штампів та бланків, їх збуту та використання
Дані про відповідальність (НП) Тімошенко Ніна Олександрівна ; наук. керівник Глушков Валерій Олександрович
260 ## - Публікація, розповсюдження і т.п. (Вихідні дані)
Місце публікації, розповсюдження і т.п. (П) Київ
Дата публікації, розповсюдження і т.п. (П) 2009
300 ## - Фізичний опис
Обсяг 19 с.
502 ## - Примітка про дисертацію
Зв'язок Автореферат дисертації на здобуття наукового ступеня кандидата юридичних наук<br/>
Рік отримання вченого ступеня 2009
520 ## - Резюме і т.п.
Резюме, реферат, анотація, тощо (НП) Дисертація є першим в Україні з моменту набрання чинності КК України 2001 року монографічним дослідженням ознак юридичних складів підроблення документів, печаток, штампів і бланків, їх збуту, використання підроблених документів. У роботі здійснений комплексний юридичний аналіз об’єктивних та суб’єктивних ознак складів злочину, передбачених ст. 358 КК України. Розглядаються основні підходи до нормативного закріплення вказаних юридичних ознак у чинному національному кримінальному законодавстві та законодавстві окремих зарубіжних країн. Досліджуються основні термінологічні та змістовні аспекти визначення поняття підроблення документів, печаток, штампів і бланків. Ґрунтовно розглянуто питання про предмет злочину, передбаченого ст. 358 КК; дається авторське визначення поняття “документ” та його окремих різновидів —зокрема, “офіційного документа” та “особового документа”, а також “печатки”, “штампу” та “бланку”. Розглянуто питання про механізм утворення кваліфікованого складу злочину, передбаченого ч. 2 ст. 358 КК. <br/>Вироблено пропозиції щодо вдосконалення кримінального законодавства України та практики його застосування.
650 ## - Додаткове предметне введення – тематичний термін
Джерело заголовка чи терміна UDC
Тематичний термін чи географічна назва, як елемент введення (НП) 343 Кримінальне право. Карні порушення
942 ## - Додаткові елементи входу (Коха)
Source of classification or shelving scheme Universal Decimal Classification
Тип елемента Koha Автореферат
955 ## - Код типу видання за змістом
Код типу видання за змістом (НП) Наукові видання

Немає доступних примірників.